000 00885nam a2200253Ia 4500
003 OSt
005 20220923223212.0
006 a|||||r|||| 00| 0
007 ta
008 220922b |||||||| |||| 00| 0 hin d
024 _a211,944
037 _cTextual
040 _aARTS
_cARTS
_bhin
041 _2hin
_ahin
082 _aO152,3N16,SC, K8
100 _aजोशी, शिवकुमार; उपाध्याय, रमेश, अनु.
245 0 _aसोनल छाया
246 _aSonal chhāyā
260 _aदिल्ली
_b नेशनल पब्लि हा0
_c1968
300 _a164पृ.
_ccm.
650 _aहिन्दी साहित्य
_9156264
942 _hO152,3N16,SC, K8
_cTEXL
_2CC
999 _c362219
_d362219